Statistics for Countries without National Parks.

Click here to take the quiz!

General Stats

  • This quiz has been taken 77 times
  • The average score is 14 of 26

Answer Stats

ContinentAnswer% Correct
EuropeVatican City
80%
EuropeMonaco
79%
EuropeLiechtenstein
76%
EuropeAndorra
71%
EuropeSan Marino
70%
South AmericaSuriname
67%
EuropeLuxembourg
64%
OceaniaTuvalu
61%
AsiaQatar
58%
OceaniaPalau
56%
OceaniaVanuatu
56%
OceaniaNauru
56%
AsiaSingapore
55%
OceaniaKiribati
53%
EuropeMoldova
53%
AsiaBahrain
52%
AsiaKuwait
50%
OceaniaMarshall Islands
50%
AsiaMaldives
44%
AsiaSyria
42%
AsiaJordan
33%
AsiaLaos
33%
AsiaTajikistan
32%
AsiaTurkmenistan
32%
AsiaCyprus
30%
OceaniaFed. S. Micronesia
5%

Score Distribution

Percentile by Number Answered

Percent of People with Each Score

Your Score History

You have not taken this quiz